Zespoły lub wykonawcy po tytułach piosenek - Statystyki

Ogólne statystyki
  • Ten quiz został rozwiązany 41 razy
  • Średni wynik to 6 z 15
Statystyki odpowiedzi
Tytuł Zespół/Wykonawca % Poprawnych
Zawsze tam gdzie ty Lady Pank
88%
Zostawcie Tytanica Lady Pank
88%
Nie płacz Ewka Perfect
81%
Ona by tak chciala Ronnie Ferrari
69%
Ostatni Bal Boys
66%
Jesteś Szalona Boys
66%
Pocałuj noc Varius Manx
34%
Now You're Gone Basshunter
28%
Never ending story Limahl
22%
Big Girls don't cry Fergie
19%
Toksyna Kwestia 07
16%
La Passion Gigi D'Agostino
6%
Bielyje Róży Jurij Shatunov
3%
Nigdy mnie nie było Marcin Siegienczuk
3%
One (Always Hardcore) Scooter
0%
Nie znaleziono quizów pasujących do podanych kryteriów
Rozkład punktacji
Procent ludzi z każdym wynikiem
Percentyl według liczby udzielonych odpowiedzi
Twoja historia wyników
Nie rozwiązałeś tego quizu